Earth's shifting crust ; a key to some basic problems of earth science /

Bibliographic Details
Main Author: Hapgood, Charles H.
Format: Book
Language:English
Published: [New York] : Pantheon Books, [1958]
Subjects:

MARC

Tag First Indicator Second Indicator Subfields
LEADER 00000cam a2200000 4500
001 in00000052487
005 20151007072106.0
008 721218s1958 nyua b 00000 eng u
010 |a  58005504  
035 |a (OCoLC)00519116 
035 |9 AAE7214AM 
040 |c KSU  |d TXA  |d UtOrBLW 
049 |a TXAM  |c [425668] 
050 0 |a QE511  |b .H415 
092 |a 551.13  |b H252e, 1958 
100 1 |a Hapgood, Charles H. 
245 1 0 |a Earth's shifting crust ;  |b a key to some basic problems of earth science /  |c With the collaboration of James H. Campbell. Foreword by Albert Einstein. 
264 1 |a [New York] :  |b Pantheon Books,  |c [1958] 
300 |a 438 pages :  |b illustrations ;  |c 22 cm. 
336 |a text  |b txt  |2 rdacontent 
337 |a unmediated  |b n  |2 rdamedia 
338 |a volume  |b nc  |2 rdacarrier 
504 |a Includes bibliography. 
651 0 |a Earth (Planet)  |x Surface. 
999 |a MARS 
999 f f |s 62b44d63-b07f-3596-8027-4d97c775462f  |i 2af1de34-4ec5-33df-89c7-cc923b497455  |t 0 
952 f f |p ric  |a Texas A&M University  |b Rellis Campus  |c Joint Library Facility  |s JLF  |d Remote Storage  |t 0  |e QE511 .H415  |h Library of Congress classification  |i unmediated -- volume  |m A14800950472 
998 f f |a QE511 .H415  |t 0  |l Remote Storage